书目信息 |
| 题名: |
心灵奇景
|
|
| 作者: | 金斯伯格 , 亚布隆卡 著 ;泽利戈夫斯基 , 肖晓 , 严冰 , 陈钰佳 绘 | |
| 分册: | ||
| 出版信息: | 上海 上海科技教育出版社有限公司 2024.01 |
|
| 页数: | 182页 | |
| 开本: | 26cm | |
| 丛书名: | ||
| 单 册: | ||
| 中图分类: | B842.7 | |
| 科图分类: | ||
| 主题词: | 意识--普及读物 | |
| 电子资源: | ||
| ISBN: | 978-7-5428-8039-0 | |
| 000 | 01492nam0 2200313 450 | |
| 001 | 012817547 | |
| 005 | 20251023090703.38 | |
| 010 | @a978-7-5428-8039-0@dCNY98.00 | |
| 100 | @a20240319d2024 em y0chiy0120 ea | |
| 101 | 1 | @achi@cheb |
| 102 | @aCN@b310000 | |
| 105 | @aa z 000yy | |
| 106 | @ar | |
| 200 | 1 | @a心灵奇景@9xin ling qi jing@e80幅画描绘意识之谜@g肖晓,严冰,陈钰佳译@f(以)西蒙娜·金斯伯格,(以)伊娃·亚布隆卡著@g(以)安娜·泽利戈夫斯基绘 |
| 210 | @a上海@c上海科技教育出版社有限公司@d2024.01 | |
| 215 | @a182页@c图@d26cm | |
| 300 | @a世纪出版 | |
| 330 | @a意识是什么?只有人类才有意识吗?所有生命体是否都具有意识,包括细菌在内?植物是否有意识?意识是如何进化的?我们能辨识出哪些类型的意识?人类的意识是否特殊?我们能否想象外星人或人工智能的意识?本书将艺术、哲学和科学融为一体,以简洁而引人入胜的笔触,辅以生动而极富特色的插画,从进化生物学的角度读者追寻以上问题的答案,并由此引发多耐人寻味的问题,打开新的视角,触动想象,启发思考。 | |
| 510 | 1 | @aPicturing the mind@econsciousness through the lens of evolution@zeng |
| 606 | 0 | @a意识@j普及读物 |
| 690 | @aB842.7@v5 | |
| 701 | 0 | @c(以)@a金斯伯格@9jin si bo ge@c(Ginsburg, Simona)@4著 |
| 701 | 0 | @c(以)@a亚布隆卡@9ya bu long ka@c(Jablonka, Eva)@4著 |
| 702 | 0 | @c(以)@a泽利戈夫斯基@9ze li ge fu si ji@c(Zeligowski, Anna)@4绘 |
| 702 | 0 | @a肖晓@9xiao xiao@4译 |
| 702 | 0 | @a严冰@9yan bing@4译 |
| 702 | 0 | @a陈钰佳@9chen yu jia@4译 |
| 801 | 0 | @aCN@c20250915 |
| 905 | @a河南城建学院图书馆@dB842.7@eJ800@ZJ800@f1 | |
| 心灵奇景:80幅画描绘意识之谜/肖晓,严冰,陈钰佳译/(以)西蒙娜·金斯伯格,(以)伊娃·亚布隆卡著/(以)安娜·泽利戈夫斯基绘.-上海:上海科技教育出版社有限公司,2024.01 |
| 182页:图;26cm |
| 世纪出版 |
| ISBN 978-7-5428-8039-0:CNY98.00 |
| 意识是什么?只有人类才有意识吗?所有生命体是否都具有意识,包括细菌在内?植物是否有意识?意识是如何进化的?我们能辨识出哪些类型的意识?人类的意识是否特殊?我们能否想象外星人或人工智能的意识?本书将艺术、哲学和科学融为一体,以简洁而引人入胜的笔触,辅以生动而极富特色的插画,从进化生物学的角度读者追寻以上问题的答案,并由此引发多耐人寻味的问题,打开新的视角,触动想象,启发思考。 |
| ● |
| 相关链接 |
|
|
|
正题名:心灵奇景
索取号:B842.7/J800
 
预约/预借
| 序号 | 登录号 | 条形码 | 馆藏地/架位号 | 状态 | 备注 |
| 1 | 1634511 | 216345113 | 社科库509/509社科库 37排3列5层/ [索取号:B842.7/J800] | 在馆 |